000 00298nam a2200109 4500
008 160625b xxu||||| |||| 00| 0 eng d
100 _91142
_a Haugen, E
245 _aFirst Grammatical Treatise
260 _aLon
_b Longman Group Ltd.
_c1972
300 _aFirst Grammatical Treatise
942 _2ddc
_cBK
999 _c924
_d924